Football Teams Jackson Martínez Played For - Statistics

General Stats
  • This quiz has been taken 15 times
  • The average score is 3 of 6
Answer Stats
League Years Team % Correct
Portugal 2012-2015 FC Porto
100%
Spain 2015-2016 Atlético de Madrid
86%
China 2016-2018 Guangzhou FC
50%
Colombia 2004-2010 Independiente Medellín
50%
Mexico 2010-2012 Jaguares FC
29%
Portugal 2018-2020 Portimonense SC
21%
No matching quizzes found
Score Distribution
Percent of People with Each Score
Percentile by Number Answered
Your Score History
You have not taken this quiz